Komentár k novelizácii zákona o DPH vykonanej zákonom č. 651/2004 Z.z.

Zákon č. 651/2004 Z.z. z 26. októbra 2004, ktorým sa mení a dopĺňa zákon č. 222/2004 Z.z. o dani z pridanej hodnoty v znení zákona č. 350/2004 Z.z. Komentár upozorňuje na najdôležitejšie zmeny v zákone, ktoré táto novela priniesla.

Gespeichert in:
Bibliographische Detailangaben
1. Verfasser: Minársky, Ján
Format: Buchkapitel
Sprache:Slowakisch
Schlagworte:
Tags: Tag hinzufügen
Keine Tags, Fügen Sie das erste Tag hinzu!

MARC

LEADER 00000naa$a2200000$$$4500
001 0024812
005 20231106071331.9
041 0 |a slo 
044 |a SK 
245 1 0 |a Komentár k novelizácii zákona o DPH vykonanej zákonom č. 651/2004 Z.z.  |c Ján Minársky 
520 |a Zákon č. 651/2004 Z.z. z 26. októbra 2004, ktorým sa mení a dopĺňa zákon č. 222/2004 Z.z. o dani z pridanej hodnoty v znení zákona č. 350/2004 Z.z. Komentár upozorňuje na najdôležitejšie zmeny v zákone, ktoré táto novela priniesla. 
610 2 0 |a dane z hodnoty pridanej 
610 2 0 |a zákony 
610 2 0 |a novelizácia 
610 2 0 |a Slovensko 
610 2 0 |a komentáre 
610 2 0 |a 2004 
100 1 |a Minársky, Ján